00409pab a2200133 454500008004000000100002600040245007600066260000900142300001400151650003800165650001600203700001700219773003900236180718b2010 xxu||||| |||| 00| 0 eng d aDhar, Sarbendu Bikash aRecent trend of intra-national immigration in Kolkata metropolitan area c2010 ap.98-106. aImmigration - India - West Bengal aImmigration aBasu, Ranjan aIndian Journal of Regional Science